| 000 | 00405cam a2200157ua 4500 | ||
|---|---|---|---|
| 041 |
_aeng _h |
||
| 082 |
_a330.1 _bJAT/EL |
||
| 100 | _aJathar, Beri.S.G. | ||
| 245 |
_aElementary principles of economics / _cS.G Beri Jathar. _hTextual Documents |
||
| 260 |
_aLondon : _bOxford University Press , _c1966. |
||
| 300 | _a430 ; . | ||
| 504 | _a | ||
| 942 | _cBK | ||
| 999 |
_c1332 _d1332 |
||